[Event "Nalchik FIDE GP"]
[Site "Nalchik"]
[Date "2009.04.28"]
[Round "12"]
[White "Grischuk, Alexander"]
[Black "Bacrot, Etienne"]
[Result "1-0"]
[WhiteElo "2748"]
[BlackElo "2728"]
[Annotator "Marin,M"]
[PlyCount "112"]
[EventDate "2009.04.15"]
[EventType "tourn"]
[EventRounds "13"]
[EventCountry "RUS"]
[EventCategory "19"]
[SourceTitle "CBM 130"]
[Source "ChessBase"]
[SourceDate "2009.05.20"]
[SourceVersion "1"]
[SourceVersionDate "2009.05.20"]
[SourceQuality "1"]

1. d4 Nf6 2. c4 e6 3. Nf3 c5 4. d5 d6 5. Nc3 exd5 6. cxd5 g6 7. g3 {There was
a time when the transposition to the fianchetto Benoni was considered Black's
best reaction to the Catalan Opening. Over the past years, this strategic
system has become very popular even from the normal Benoni move order, facing
Black with numerous problems. In the absence of the pressure against the
e4-pawn, Black cannot organize his counterplay so easily.} Bg7 8. Bg2 O-O ({
I happened to be around when the following game was played:} 8... Na6 9. O-O
Nc7 10. e4 O-O 11. h3 Nd7 12. Bf4 Ne5 13. Nxe5 ({This may be a premature
release of the tension, allowing Black to clear the d6-square for his other
knight. Any normal developing move may have been better.} 13. Re1 $5) 13...
dxe5 14. Be3 b6 15. f4 Ne8 16. f5 Nd6 17. Qc2 Bd7 18. Rf2 Rc8 19. a4 a6 20. g4
f6 21. Bf1 c4 22. Bg2 Rf7 23. Rff1 {1/2 Bacrot,E (2709)-Gashimov,V (2644)/
Torrelavega 2007/CBM 119. The ease with which Black managed to hold his own
may have inspired Bacrot to employ the same plan in the present game, but in a
slightly different form.}) 9. O-O Nbd7 (9... a6 10. a4 Re8 11. Bf4 Ne4 {
Aronian,L (2759)-Carlsen,M (2693)/Elista 2007/CBM 119/[Marin,M] (1-0, 66)}) (
9... Re8 10. Bf4 Bg4 $5 (10... Na6 {Gleizerov,E (2552)-Marin,M (2551)/Predeal
2007/CBM 121/[Marin,M] (1/2, 30)}) 11. Nd2 $146 Nh5 12. Be3 Nd7 $5 {Eljanov,P 
(2692)-Topalov,V (2780)/Wijk aan Zee 2008/CBM 122/[Marin,M] (1-0, 46)}) 10. h3
a6 11. a4 Rb8 12. Bf4 Ne8 $5 {This rare move defends the d6-pawn and prepares
Gahsimov's manoeuvre. The fact that the knights have reversed their functions
does not have any significance, of course...} (12... Qe7 {Bareev,E (2653)
-Alekseev,E (2716)/Khanty-Mansiysk 2007/CBM 122/[Marin,M] (1/2, 30)}) 13. Rc1
$146 {A strong novelty, preventing Black's queenside counterplay by indirect
means.} (13. Qd2 b5 14. axb5 axb5 15. Ne4 Qb6 16. Rfe1 b4 17. Qc2 {Kaidanov,G 
(2515)-Ermenkov,E (2480)/Calcutta 1988/EXT 97 (1-0, 46)} Ba6 $132 {Kaidanov}) (
13. a5 b5 14. axb6 Nxb6 15. Qc1 Nc7 {1/2 Gligoric,S (2455)-Velimirovic,D (2535)
/Pozarevac 1995/CBM 049 ext}) 13... b6 {[%csl Gc5][%cal Gd7e5,Gd6e5,Ge8d6]
Black overprotects c5, in order to prepare ...Ne5.} ({White's idea is revealed
after} 13... b5 14. axb5 axb5 15. b4 $1 $14 cxb4 16. Na2 {[%cal Gg7a1]} Qa5 17.
Qd2 $14 {[%cal Ga2c4]}) 14. e4 Ne5 15. Re1 (15. Nxe5 dxe5 16. Be3 Nd6 $13 {
[%cal Gc8d7,Gf7f5]} 17. a5 $6 Nc4 $1) 15... Bd7 16. Bf1 {[%csl Ga6] White
refrains from releasing the tension and forces Black to take a concrete
decision instead.} (16. Nxe5 dxe5 17. Be3 Nd6 18. a5 Nc4 19. axb6 Nxe3 20. Rxe3
$2 Bh6 $17) 16... Nxf3+ {This probably is the best practical decision.} (16...
b5 17. axb5 axb5 18. Nxe5 $1 (18. b4 cxb4 19. Na2 Qa5 {[%csl Gf3]} 20. Bxe5 $8
dxe5 21. Qd2 Qa3 $36 {[%cal Gb4b3,Ge8d6]}) 18... Bxe5 (18... dxe5 19. Be3 $16 {
[%csl Gc5]}) 19. Qd2 $1 (19. Bxe5 dxe5 20. b3 Nd6 $11) 19... Bxf4 20. Qxf4 b4
21. Nb1 $14 {In the absence of the g7-bishop, Black's queenside play is not
too impressive.}) 17. Qxf3 b5 18. axb5 axb5 19. b4 {White has more or less
stabilised the queenside, but his piece placement is slightly awkward,
allowing Black to get some initiative on the other wing.} g5 $5 (19... cxb4 20.
Na2 Qa5 21. Qb3 Qa4 22. Rb1 $14 {[%cal Ga2b4]}) (19... c4 20. Qe3 $14 {[%cal
Gf4h6]}) 20. Bd2 c4 21. Qd1 f5 22. exf5 Bxf5 23. Be3 h6 24. Bd4 Bxd4 25. Qxd4 {
White has managed to consolidate on dark squares, but the c4-pawn needs
permanent surveillance.} Qf6 {The active white queen, which keeps both wings
under pressure, has to be exchanged.} 26. Qxf6 Nxf6 {It is hard to claim an
objective advantage for White, but experience has taught me that Black's play
is more difficult to be carried out. The c3-knight, blocking the c-pawn and
keeping the b5-pawn under pressure, is very stable. Eventual exchanges would
transform it into the strongest piece on board.} 27. Ra1 {[%csl Rb5,Gd6][%cal
Ga1a6,Ra1a5]} Nd7 {[%cal Ga1a6,Gb8b6,Rd7e5] This move blocks the bishop's
retreat to d7, leaving the e6-square vulnerable.} (27... Rb6 28. g4 Bd7 {
[%csl Rb6] looks a bit passive.}) 28. g4 Bd3 29. Re6 $14 Ne5 30. Bg2 Nf3+ 31.
Bxf3 Rxf3 32. Re3 $5 {White neutralises Black's initiative at the cost of
slightly spoiling his structure. Play becomes rather one-sided, with just a
small plus at no risk for White.} (32. Rxh6 Rbf8 $132) 32... Rxe3 33. fxe3 Re8
(33... Kf7 $5) 34. Kf2 Rf8+ 35. Kg3 Re8 36. Kf3 Rf8+ 37. Kg2 Re8 38. Kf2 Rf8+
39. Kg2 Re8 40. Kf3 Rf8+ 41. Kg3 Re8 42. Re1 Ra8 43. e4 Ra3 44. Nxb5 Rb3 45.
Kf2 Rxb4 $6 (45... c3 $5 $132) 46. Nxd6 c3 47. Ke3 c2 48. Kxd3 Rb1 49. Kxc2
Rxe1 50. Kd3 h5 51. Kd4 Kf8 52. Nf5 Rh1 53. e5 Rxh3 54. e6 hxg4 55. d6 Rh1 56.
d7 Rd1+ 1-0

[Event "FIDE World Cup"]
[Site "Khanty-Mansiysk"]
[Date "2005.11.28"]
[Round "1.2"]
[White "Nikolic, Predrag"]
[Black "Navara, David"]
[Result "1-0"]
[WhiteElo "2584"]
[BlackElo "2646"]
[Annotator "Marin,M"]
[PlyCount "93"]
[EventDate "2005.11.27"]
[EventType "k.o."]
[EventRounds "7"]
[EventCountry "RUS"]
[SourceTitle "CBM 111"]
[Source "ChessBase"]
[SourceDate "2006.04.04"]
[SourceVersion "1"]
[SourceVersionDate "2006.04.04"]
[SourceQuality "1"]

1. d4 Nf6 2. Nf3 e6 3. c4 c5 4. d5 exd5 5. cxd5 d6 6. Nc3 g6 7. g3 {It is
quite refreshing to see that in an era when the main theoretical discussion in
the Benoni is held in the forced lines of the h3, Bd3 and Nf3 system, a player
of classic style like Nikolic sticks to his favourite fianchetto system, where
the game is decided by the players' ability rather than their theoretical
knowledge.} Bg7 8. Bg2 O-O 9. O-O Nbd7 10. Nd2 a6 11. a4 Rb8 ({Although less
popular and less investigated than} 11... Re8 {this move looks playable.}) 12.
Nc4 Ne8 13. a5 {This move takes the b6-square under control and more or less
"freezes" Black's structure on this wing, since ...b5 can always be met by
axb6 followed by Na5 and Nc6. On the other hand, Black gets the b5-square for
his minor pieces.} ({The less committal} 13. Bf4 {allows Black to carry out a
typical regroupment:} Nb6 14. Na3 Bd7 15. a5 Nc8 16. Nc4 Bb5 17. Qb3 Qd7 18.
Na4 Na7 19. Nc3 Nc8 20. Na3 Na7 21. Rfd1 Nc7 22. Nc4 {1/2-1/2 Savon,V (2570)
-Kapengut,A (2450)/Leningrad 1971/URS-ch}) ({Another way of putting pressure
on the b6-square is} 13. Qb3 {but, judging from the following old game,
Nikolic seems to be not very convinced about its merits.} Ne5 14. Nb6 {1/2-1/2
Nikolic,P (2585)-Sax,G (2565)/Amsterdam 1984/MCL}) 13... Ne5 14. Nb6 Nc7 ({
If Black has no ambitions at all, he can try to pursue the enemy kight with} 
14... Nd7 {. Although barely tried in practice, this line deserves further
investigation. Here is what looks like the only relatively relevant game
played so far:} 15. Nxc8 Rxc8 16. Bd2 Nc7 17. Qa4 Rb8 18. Rab1 b5 19. axb6 Nxb6
20. Qa2 {1/2-1/2 Melnikov,A (2335)-Ulibin,M (2240)/Kursk 1987/EXT 97}) 15. f4 {
By taking the e5-square under control, White ensures stability to his knight
on c4. However, the e4- and e3- quares are relatively weak now.} (15. h3 Nb5
16. Bd2 Re8 17. Re1 Nd7 18. Nxc8 Qxc8 19. Qa4 b6 $1 $13 {Velimirovic}) 15...
Ng4 (15... Nd7 16. Nc4 $16) 16. e3 $5 (16. Nc4 Re8 {0-1 Donner,J-Keres,P/
Hastings 1954/MCL/[Chekhov] (34)} (16... f5 $5) 17. e4 $1 Bd4+ 18. Kh1 Nf2+ 19.
Rxf2 Bxf2 20. e5 dxe5 21. fxe5 Bd4 22. Bf4 g5 23. Ne4 $40 {Kapengut,
"Indiiskaia Zaschita" 1984.}) 16... f5 $6 ({Although from a static point of
view this move looks just natural, it offers White an important tempo for
regrouping. A more dynamic approach is better suited here. Black should
activate his pieces with} 16... Re8 $1 17. Re1 (17. Nxc8 Qxc8 18. Re1 f5 19. h3
Nf6 20. Kh2 Nb5 21. Bd2 Qd7 22. Rc1 Re7 $132 {1/2-1/2 Marotz,H-Roze,L/EU-ch
GT269 corr 1987/Corr Nr. 1 (31)}) (17. Qf3 $2 Nxe3 $1 $17 18. Bxe3 Rxe3 $19)
17... Nb5 {when White would have certain problems to maintain the control of
the position.} 18. Nxb5 (18. Bd2 Bf5 $1 {[%csl Ye4][%cal Rg4f6,Rf6e4]}) 18...
axb5 19. h3 Nf6 20. Qb3 (20. e4 Nd7) 20... Ne4 21. Qxb5 Nxg3 {0-1 Quinteros,
M-Velimirovic,D Vinkovci 1970}) 17. h3 Nf6 18. Bd2 $1 $146 ({Obviously better
than giving up the knight with} 18. Nxc8 Qxc8 $13 {Silva,F-Kaplan,L/Stokholm/
1969/}) 18... Bd7 19. Qc2 Bb5 20. Rfe1 Re8 21. Nd1 $1 $14 {[%cal Yd1f2,Yd2c3]
The start of a typical regroupment. Black will soon find himself in a position
with no counterplay at all, while White will be able to prepare the central
break e4 with all the comfort.} Nd7 (21... Ne4 22. Bxe4 $14 {[%cal Yd1f2] /\Nf2
}) 22. Nxd7 Bxd7 23. Bc3 Bf8 24. Nf2 Nb5 25. Bd2 Bg7 26. Bf1 $1 {[%cal Yf1c4,
Yc4a2]} Nc7 27. Bc4 Bb5 28. Ba2 Re7 29. Bc3 Qf8 30. Qd2 Bd7 31. Rac1 b5 32.
axb6 Rxb6 33. Kh2 Ne8 34. e4 $16 fxe4 35. Nxe4 Bxc3 36. bxc3 Bxh3 37. Nxc5 Bg4
38. Nd3 Nf6 39. Kg1 Bf3 40. Qf2 Bxd5 41. c4 Rb8 42. cxd5 Ne4 43. Qg2 Qe8 44.
Rc2 Qa4 45. Rc4 Qa3 46. Rcxe4 Rxe4 47. Qxe4 1-0

[Event "USA-ch GpB"]
[Site "San Diego"]
[Date "2006.03.06"]
[Round "4"]
[White "Shulman, Yuri"]
[Black "Shabalov, Alexander"]
[Result "1-0"]
[WhiteElo "2581"]
[BlackElo "2595"]
[Annotator "Marin,M"]
[PlyCount "81"]
[EventDate "2006.03.02"]
[EventType "swiss"]
[EventRounds "9"]
[EventCountry "USA"]
[SourceTitle "CBM 112"]
[Source "ChessBase"]
[SourceDate "2006.06.07"]
[SourceVersion "1"]
[SourceVersionDate "2006.06.07"]
[SourceQuality "1"]

1. d4 Nf6 2. c4 e6 3. Nf3 c5 4. d5 exd5 5. cxd5 g6 6. Nc3 d6 7. h3 a6 8. a4 Qe7
9. g3 $5 {This switch of plans leads to a slightly improved version of the
fianchetto-Benoni because of the fact that the black queen has defined its
intentions a bit too soon.} Bg7 10. Bg2 O-O 11. O-O Nbd7 12. Bf4 {[%cal Ye2e4,
Yf1e1]} Nh5 {The only way to counter White's simple plan in the centre.} 13.
Bg5 f6 14. Bd2 f5 {Black has gained some space on the king side, but the
weakness of the e6-square is rather disturbing.} 15. Ng5 $5 {The most direct
attempt to take advantage of the main drawback of Black's plan.} ({The more
subtle} 15. Qc1 {is a specialty of Gleizerov. The notes to 1/2-1/2 Dautov,R 
(2595)-Cebalo,M (2485)/Porto San Giorgio 1997/EXT 2000/[Dautov] (58) contain a
comprehensive Survey of this line.}) (15. Rb1 Ndf6 16. Ne1 (16. b4 Ne4 $1 $132
17. Qc2 Nhxg3 $1 18. fxg3 Nxc3 19. Bxc3 Qe3+ $17) 16... Bd7 17. Nc2 (17. a5 $5)
17... b5 18. b4 c4 19. axb5 axb5 20. Be3 (20. Nd4 $6 Ne4 21. Nxe4 Bxd4 22. Bg5
Qe5 $1) (20. Qc1 $5) (20. Kh2 $5) 20... f4 21. gxf4 Ne8 22. Nd4 (22. Qd2 Qh4 $1
) 22... Nxf4 23. Bxf4 Rxf4 24. Ne6 Bxe6 (24... Rh4 $5) 25. dxe6 Nc7 (25... Rd4
26. Qc2 Rb8) 26. Bxa8 Bxc3 27. Bg2 Qxe6 28. e3 Rf8 29. Qc2 (29. Qg4 $5) 29...
Bf6 30. Rbd1 d5 31. Qa2 Qc6 (31... Kg7 $5 32. Qa7 Rf7 33. Qc5 Rd7) 32. Qe2 Kg7
33. Rd2 (33. e4 $5) 33... Bc3 34. Ra2 Qf6 $17 {1-0 Oms Pallise,J (2476)-Marin,
M (2539)/Andorra la Vella 2003 (71)}) 15... f4 {This looks tempting, but does
not cross White's intentions in any way.} ({Black could have prevented the
instalation of the knight to e6 with} 15... Ndf6 {[%csl Gd5]} 16. Qb3 Re8) 16.
Ne6 $5 $146 (16. gxf4 Nxf4 17. Bxf4 Rxf4 18. Ne6 Rb4 19. Qc2 Nf6 20. Rfd1 Bxe6
21. dxe6 Qxe6 {1-0 Nikolic,P (2643)-De Firmian,N (2536)/Qaqortoq 2003/EXT 2004
(37)} (21... Kh8 $1 $15 {[%csl Ge6]}) 22. Nd5 $1 $16) 16... fxg3 17. f4 $5 {
Instead of aiming for immediate material gains, White is concerned about
consolidating his active knight.} (17. Nxf8 Nxf8 {would leave Black with
strong king side pressure.}) 17... Rf7 18. e4 Bd4+ 19. Kh1 Ndf6 20. f5 Ng7 21.
Bg5 Be5 22. Qb3 $44 {[%cal Ya4a5,Yb3b6,Yc3a4] White has safely defended his
e6-knight, which severly restricts Black's possibilities. With his last move,
he starts putting pressure on the queen side. Black faces a difficult
defensive task, since his far advanced extra-pawn does not present the enemy
king with any serious danger.} Qe8 23. Ne2 Nxe4 24. Bxe4 gxf5 25. Bg2 Nxe6 26.
dxe6 Bxe6 27. Qc2 Rg7 28. Bh6 Rg6 29. Be3 Qf7 30. Nf4 Bb3 31. Qd2 Rg7 32. Nd3
Re8 33. Rae1 Bc4 34. Bf4 Qf6 35. Rf3 Ree7 36. Nxe5 dxe5 37. Bh6 Rg6 38. Qd8+
Kf7 39. Qf8+ Ke6 40. Qc8+ Rd7 41. Rfe3 1-0

[Event "EU-ch 12th"]
[Site "Aix les Bains"]
[Date "2011.03.28"]
[Round "7"]
[White "Mikhalevski, Victor"]
[Black "Kurmann, Oliver"]
[Result "1-0"]
[WhiteElo "2584"]
[BlackElo "2446"]
[Annotator "Mikhalevski,V"]
[PlyCount "59"]
[EventDate "2011.03.22"]
[EventType "swiss"]
[EventRounds "11"]
[EventCountry "FRA"]
[SourceTitle "CBM 142 Extra"]
[Source "ChessBase"]
[SourceDate "2011.06.27"]
[SourceVersion "1"]
[SourceVersionDate "2011.06.27"]
[SourceQuality "1"]

1. d4 Nf6 2. c4 e6 3. g3 c5 4. d5 exd5 5. cxd5 d6 6. Nc3 g6 7. Bg2 Bg7 8. Nf3
O-O 9. O-O a6 10. a4 Nbd7 11. Bf4 Qe7 12. h3 Nh5 13. Bg5 f6 14. Bd2 f5 15. e4
$1 {[%csl Re7] A relatively fresh idea of the Chinese Super GM Wang Hao. White
opens up the e-file exploiting the vulnerable position of Black's queen on the
e-file and White's advantage in development.} (15. Qc1 {used to be the main
line.}) (15. Ng5 {--> 1-0 Shulman,Y (2581)-Shabalov,A (2595)/San Diego 2006/
CBM 112/[Marin,M] (41)}) 15... f4 {[%cal Gd7e5] A logical alternative to
Tomashevsky's 15...fxe4. Black wants to block the e-pawn by means of ...Ne5.} (
{In the only preceding game Black played} 15... fxe4 16. Re1 Nhf6 17. Bf4 $1
Rb8 18. Re2 $1 b5 19. axb5 axb5 20. Qe1 Nb6 21. Nxe4 Nxe4 22. Rxe4 Qf6 23. Ra7
$1 $36 {1-0 Wang Hao (2715)-Tomashevsky,E (2701)/Dagomys 2010/CBM 136 (40)})
16. g4 {White's reaction is forced.} Nhf6 17. Bxf4 {During the game I
considered this move to be a must, but White may also look for alternatives.}
Nxe4 $6 {Already this capture turns out to be wrong.} (17... Nxg4 {was
necessary.} 18. Bc1 (18. Bg3 Nge5 {looks fine for Black.}) 18... Nge5 19. Ng5 {
[%csl Re6][%cal Gf2f4]} c4 20. Ne6 Rf7 21. a5 $1 $132 {and I still prefer
White, although the position is double-edged.}) 18. Bh2 {[%csl Rd6]} Nxc3 19.
bxc3 Ne5 $6 {Black underestimates my reply.} (19... Bxc3 $5 {was a better
chance with the idea to meet} 20. Ra3 {with} Rxf3 $1 {[%csl Re5] Taking
control over the important e5-square.} 21. Qxf3 Bd4 $1 (21... Be5 $6 22. Bxe5
Nxe5 23. Qb3 $1 {[%cal Gf2f4]} g5 24. f4 gxf4 25. Rxf4 $16 {[%csl Rg8]}) 22.
Qe4 $5 (22. Re3 Ne5 $1 23. Bxe5 $13 {is less clear.}) 22... Qxe4 23. Bxe4 Ne5
24. Rb1 $1 $14 {and White is better.}) 20. Bxe5 $1 ({After the straightforward
} 20. Nxe5 Bxe5 $11 {Black doesn't seem to have problems.}) 20... Bxe5 21. Re1
$1 {[%csl Re7][%cal Gf3e5] White damages Black's pawn structure and creates a
protected passed pawn on d5.} Rxf3 $1 {The best chance. Otherwise after 22.
Nxe5 White is strategically winning.} 22. Qxf3 Bd7 23. Qg3 $1 {[%cal Gf2f4]
White creates a threat of 24.f4 and thus forces a favourable change of the
pawn structure even if it is at the price of returning an exchange, which he
just won.} Qf6 24. Rxe5 $1 Qxe5 ({or} 24... dxe5 25. a5 $1 $16 {with a big
positional advantage.}) 25. Qxe5 dxe5 26. a5 $1 $16 {[%csl Ra6,Rb7][%cal Gc3c4]
Fixing Black's queenside White secures a clear positional advantage.} Bb5 {
Black prevents 27.c4.} 27. Re1 {[%csl Re5]} b6 $2 {Loses by force.} (27... Re8
{was necessary, although White retains a clear positional edge.} 28. Bf1 $1 {
[%csl Rb7] Getting access to the b7-pawn.} Bxf1 ({or} 28... c4 29. Re4 {
[%csl Rc4]} (29. g5 $5) 29... Kf7 30. Bxc4 $16) 29. Kxf1 c4 (29... Kf8 30. Rb1
Re7 (30... c4 $5 31. Rxb7 $16) 31. Ke2 $1 {[%cal Ge2d3,Gd3c4]} Rd7 32. c4 $16 {
and Black shouldn't survive.}) 30. f4 Rf8 31. Rxe5 Rxf4+ 32. Ke2 $16) 28. d6 $1
Rb8 29. Rb1 $1 {[%csl Ga5][%cal Gb1b5,Ga5b6] It seems that Black missed this
move. Now the threats of 30.Rxb5 and 30.axb6 are decisive.} c4 (29... bxa5 {
doesn't save him.} 30. c4 Kf7 31. Bd5+ Kf6 32. g5+ $1 {[%cal Gd6d7] and Black
is doomed.}) 30. Rxb5 ({The line} 30. Rxb5 axb5 31. a6 b4 32. a7 Rd8 33. a8=Q
$1 Rxa8 34. Bxa8 $18 {[%cal Gd6d7] is rather obvious and so Black resigned.})
1-0